000 01166nam a22002417a 4500
999 _c63311
_d63311
005 20240530110634.0
008 170918s2014 ua f b 000 0 ara d
020 _a9789772122318
040 _aEG-CaGPL
_cEG-CaGPL
082 0 4 _221
_a953.711 /
_bح ف
100 0 _aحمادة فرج النجار
245 1 0 _aفى حوار الحضارات الصقالبة فى جيش الدولة الاموية فى الاندلس :
_b138 / 422 هـ - 755 / 1031 م /
_cاعداد حمادة فرج النجار ؛ تقديم حسن يوسف دويدار ، محمد عبدالوهاب فضل
260 _aالاسكندرية :
_bمؤسسة شباب الجامعة ،
_c2014
300 _a242 ص. ؛
_c24 سم.
504 _aيشتمل على ارجاعات ببليوجرافية
650 0 7 _2qrmak
_aالعالم العربى
_xتاريخ
_yالعصر الاموى
650 0 7 _2qrmak
_aالامويون فى الاندلس
651 0 7 _2qrmak
_aالدولة الاموية
700 0 _aحسن يوسف دويدار
_eمقدم
700 0 _aمحمد عبدالوهاب فضل
_eمقدم مشارك
942 _2ddc
_cBK